ভবঘুরের বঙ্গদর্শন /
| Autor principal: | |
|---|---|
| Formato: | Livro |
| Publicado em: |
ঢাকা :
একুশে বাংলা প্রকাশন,
২০১৫
|
| Assuntos: | |
| Classic Catalogue: | View this record in Classic Catalogue |
| LEADER | 00783nam a22002297a 4500 | ||
|---|---|---|---|
| 001 | AAL9744 | ||
| 003 | BD-DhAAL | ||
| 005 | 20181107102723.0 | ||
| 008 | 181107s 2015B ||||| |||| 00| 0 B d | ||
| 999 | |c 40268 |d 40268 | ||
| 020 | |a 9789849145639 | ||
| 040 | |a BD-DhAAL |c BD-DhAAL | ||
| 082 | |a 891.444 | ||
| 100 | |a রহমান, টিএস |9 28732 | ||
| 245 | |a ভবঘুরের বঙ্গদর্শন / |c টিএস রহমান | ||
| 260 | |a ঢাকা : |b একুশে বাংলা প্রকাশন, |c ২০১৫ | ||
| 300 | |a ৬৩ পৃ. ; |c ২২ সে.মি. | ||
| 541 | |e ৯৭৪৪ | ||
| 650 | |a বাংলা রচনাবলী |9 28733 | ||
| 650 | |a Bengali essay |9 28734 | ||
| 852 | |a Savar Campus Library |c General Shelf | ||
| 942 | |2 ddc |c BK | ||